Hidden Neighbors of Macedonia Quiz Stats

Quiz Updated Jul 27, 2017

Challenge
Share
Tweet
Score 0/5 Timer 00:30
4 Plays Today
% Correct
Greece
94.4%
Bulgaria
89.7%
Albania
88%
Kosovo
81.1%
Serbia
71%

You're not logged in!

Compare scores with friends on all Sporcle quizzes.
Sign Up with Email
OR
Log In

You Might Also Like...

Show Comments

Extras

Top Quizzes Today


Score Distribution

Your Account Isn't Verified!

In order to create a playlist on Sporcle, you need to verify the email address you used during registration. Go to your Sporcle Settings to finish the process.